Quiz for Hangovers Stats

 Plays Quiz Updated Jan 1, 2015

Challenge
Share
Tweet
Score 0/16 Timer 15:00
0 Plays Today
% Correct
Shower
99%
Apples and Bananas
98.9%
Water
98.9%
Coffee
98.5%
Sleep
98.2%
Honey
98.1%
Exercise
97.7%
Waffles
96.2%
% Correct
Breakfast Burrito
84.9%
Egg McMuffin
84.3%
Ibuprofen
83.5%
Bloody Mary
82.1%
Ginger
78.8%
Pickle Juice
77.7%
Alka-Seltzer
75.4%
Milk Thistle
38.2%

You're not logged in!

Compare scores with friends on all Sporcle quizzes.
Join for Free
OR
Log In

You Might Also Like...

Show Comments

Extras

Top Quizzes Today


Score Distribution

Your Account Isn't Verified!

In order to create a playlist on Sporcle, you need to verify the email address you used during registration. Go to your Sporcle Settings to finish the process.

Report this User

Report this user for behavior that violates our Community Guidelines.

Details: